000 00714nam a2200241Ia 4500
003 BUBTL
008 151213s9999 xx 000 0 und d
020 _a984332755
041 _aEnglish
082 _a347.5492/ Ah511p/ 2006
100 _aAhamad, Ishrat Azim
_94586
245 _aPrinciples of Civil Litigation : Bangladesh Perspective/
_cIshrat Azim Ahmad, Md. Ershadul Karim
250 _a1st edn
260 _aDhaka
_bLaw Lyceum
_cc2006
300 _a[xivii], 416p. :
_b21cm.
500 _aIncludes Index
526 _aLaw
650 _aLaw
700 _aIshrat Azim Ahmad, Md. Ershadul Karim
_94587
856 _k0
_l0
_yDownload
942 _2ddc
_cBK
999 _c3774
_d3774